Cambio demogrático, inversión social y diferencias generacionales en Costa Rica /

Se examinan los cambios demográficos producidos en Costa Rica durante las últimas décadas, las modificaciones en la estructura por edad que esos cambios produjeron y algunas de sus consecuencias en los programas sociales. En primer lugar, se describe una disminución en la fecundidad y la mortalidad...

Mô tả đầy đủ

Đã lưu trong:
Chi tiết về thư mục
Tác giả chính: Robles, Arodys
Định dạng: Texto
Những chủ đề:
Các nhãn: Thêm thẻ
Không có thẻ, Là người đầu tiên thẻ bản ghi này!

MARC

LEADER 00000 a a2200000 04500
001 10363
003
040
100 |a Robles, Arodys  
245 |a Cambio demogrático, inversión social y diferencias generacionales en Costa Rica /  |c Arodys Robles 
520 |a Se examinan los cambios demográficos producidos en Costa Rica durante las últimas décadas, las modificaciones en la estructura por edad que esos cambios produjeron y algunas de sus consecuencias en los programas sociales. En primer lugar, se describe una disminución en la fecundidad y la mortalidad y se demuestra que no cabe esperar que en los próximos años se produzcan cambios de la magnitud de los ocurridos en las tres décadas anteriores. Asimismo, se demuestran las consecuencias de la disminución del gasto en educación en momentos en que las tasas de crecimiento de la población escolar eran altas, lo que produjo un estancamiento de la escolaridad promedio de los pobres. Por último, se señalan algunas consecuencias de esos cambios para la inversión social  
650 |a DEMOGRAFIA  
650 |a ESTADISTICAS DEMOGRAFICAS  
650 |a ANALISIS DEMOGRAFICOS  
650 |a CAMBIO DEMOGRAFICO  
650 |a COSTA RICA  
773 |g volumen 32, número 82; páginas 69-94  
999 |c 23044  |d 23044